000 00506nam a22001577a 4500
003 OSt
005 20260623071151.0
008 260618b |||||||| |||| 00| 0 eng d
024 _aMCS/6004/2018
040 _cRongo University
050 _aRA 427.8
_bO33
100 _aOdero Felicity Akinyi
245 _aAn investigation on the role of interpersonal communication in promoting maternal healthcare services in Migori County, Kenya
260 _aRongo, Kenya
_b Rongo University
_c2025
942 _2lcc
_cTH
999 _c266367
_d266366